UM Logo

Service recovery through empowerment? HRM, employee performance and job satisfaction in hotels / (Record no. 23110)

MARC details
000 -LEADER
fixed length control field 01030nam a22002537a 4500
003 - CONTROL NUMBER IDENTIFIER
control field OSt
005 - DATE AND TIME OF LATEST TRANSACTION
control field 20251210193428.0
008 - FIXED-LENGTH DATA ELEMENTS--GENERAL INFORMATION
fixed length control field 241108b |||||||| |||| 00| 0 eng d
040 ## - CATALOGING SOURCE
Transcribing agency 0
082 ## - DEWEY DECIMAL CLASSIFICATION NUMBER
Classification number DPer 647.94068 In821 August-October 2019 v. 81-83
100 ## - MAIN ENTRY--PERSONAL NAME
Personal name Hewagama, Gayani.
Relator term author.
9 (RLIN) 63834
245 ## - TITLE STATEMENT
Title Service recovery through empowerment? HRM, employee performance and job satisfaction in hotels /
Statement of responsibility, etc. Gayani Hewagama, Peter Boxall, Gordon Cheung, Ann Hutchison.
260 ## - PUBLICATION, DISTRIBUTION, ETC. (IMPRINT)
Place of publication, distribution, etc. Amsterdam ;
Name of publisher, distributor, etc. Elsevier,
Date of publication, distribution, etc. Agust 2019.
300 ## - PHYSICAL DESCRIPTION
Extent Volume 66, pages 73-82 :
Other physical details illustration ;
Dimensions 28 cm.
500 ## - GENERAL NOTE
General note International Journal of Hospitality Management, vol. 81, pages 73-82, August 2019.
650 #0 - SUBJECT ADDED ENTRY--TOPICAL TERM
Topical term or geographic name as entry element Hotel management.
9 (RLIN) 66521
650 #0 - SUBJECT ADDED ENTRY--TOPICAL TERM
Topical term or geographic name as entry element Hospitality industry.
9 (RLIN) 66522
650 #0 - SUBJECT ADDED ENTRY--TOPICAL TERM
Topical term or geographic name as entry element Hotels Employees.
9 (RLIN) 66523
700 ## - ADDED ENTRY--PERSONAL NAME
Personal name Hewagama, Gayani.
Relator term author.
9 (RLIN) 63834
700 ## - ADDED ENTRY--PERSONAL NAME
Personal name Boxall, Peter.
Relator term author.
9 (RLIN) 66699
700 ## - ADDED ENTRY--PERSONAL NAME
Personal name Cheung, Gordon.
Relator term author.
9 (RLIN) 66700
700 ## - ADDED ENTRY--PERSONAL NAME
Personal name Hutchison, Ann.
Relator term author.
9 (RLIN) 66701
942 ## - ADDED ENTRY ELEMENTS (KOHA)
Source of classification or shelving scheme Dewey Decimal Classification
Koha item type Periodicals
Holdings
Withdrawn status Lost status Source of classification or shelving scheme Damaged status Not for loan Collection code Home library Current library Date acquired Total Checkouts Full call number Date last seen Price effective from Koha item type Public note
    Dewey Decimal Classification     Periodicals UM Digos College - LIC UM Digos College - LIC 11/08/2024   DPer647.94068 August-October 2019 v. 81-83 11/08/2024 11/08/2024 Periodicals Periodical Article